fairytail quiz( anime) - Statistics

General Stats
  • This quiz has been taken 1,294 times
  • The average score is 12 of 14
Answer Stats
hint Answer % Correct
celestial wizard with a lot of keys lucy
99%
fire dragon slayer also known as the salamander natsu
99%
strongest women in the guild and the ability to requipt erza
98%
ice maker magic user and later a devil slayer grey
93%
the blue cat happy
93%
sky dragon slayer also known as the sky maiden wendy
92%
steel dragon slayer and a horrible singer gajeel
84%
second generation lightning dragon slayer laxus
82%
ability to transform into satan soul mirajane
82%
the lady thats always drunk and has the magic of cards cana
80%
guild master makarov
76%
is crazy smart and has the ability to form texts midair levy
69%
the one with the destructive magic and an S-class wizard gildarts
66%
guild member and a celetial spirit loki
61%
No matching quizzes found
Score Distribution
Percent of People with Each Score
Percentile by Number Answered
Your Score History
You have not taken this quiz